000 01044nam a2200313Ia 4500
001 dia_4988
003 CHAP
005 20251021152723.0
008 220601s9999 xx 000 0 und d
020 _a84-234-2379-4
040 _cCHAP
082 _a658.4 H36 2006
100 _aHammer, Michael
_9152563
245 _aLa agenda : lo que toda empresa debe hacer para dominar la decada / Michael Hammer ; traducción Germán Orbegozo
260 _aEspaña : Deusto
300 _a287 p.
440 _aLíderes del management
_9157240
500 _aTítulo original: The agenda: what every business must do dominate the decade
503 _aI. 253778 \ I. 253779
590 _aHD58.8 H36 2006
650 _a1. Cambio organizacional
650 _aEfectividad organizacional
_9130922
650 _aSatisfacción del consumidor
_9157241
700 _aOrbegozo, Germán, tr.Ì
_9176185
901 _a658.4 H36 2006
902 _aM
905 _a5222272006 sp x 8222223322spa16
942 _cLIBRO
_2ddc
999 _c209565
_d209565